|
|
|
|
| LEADER |
00904Ncm#a2200289#a#4500 |
| 001 |
027597 |
| 003 |
AR-BeUNQ |
| 005 |
20250214143733.0 |
| 008 |
150529s1944||||ag sgz#f## | |#|eng#d |
| 999 |
|
|
|c 444
|d 75831
|
| 040 |
|
|
|a AR-BeUNQ
|b spa
|e aacr
|
| 048 |
|
|
|a ka
|
| 082 |
0 |
4 |
|a 786.2
|2 21
|
| 100 |
1 |
|
|a Kern, Jerome.
|
| 245 |
0 |
2 |
|a Hace tiempo--- y a lo lejos :
|b Long ago--- and far away
|c música de Jerome Kern ; letra de Ira Gershwin.
|
| 246 |
1 |
1 |
|a Long ago--- and far away
|
| 260 |
|
|
|a Buenos Aires :
|b Fermata,
|c 1944.
|
| 300 |
|
|
|a 1 partitura para piano (2 p.) ;
|c 31 cm.
|
| 500 |
|
|
|a Letra en inglés.
|
| 650 |
|
7 |
|a Música
|2 spines
|
| 650 |
|
7 |
|a Canciones
|2 ttll
|
| 651 |
|
7 |
|a Estados Unidos
|2 toit
|
| 653 |
|
|
|a Piano
|
| 653 |
|
|
|a Partituras
|
| 700 |
1 |
|
|a Gershwin, Ira,
|e autor de la letra
|4 lyr
|
| 929 |
|
|
|a DONACION
|b Adolfo Lamedica
|d 0
|e 20150401
|g 2784 Exp. 827-0387/98
|j 53026
|
| 942 |
|
|
|c PAR
|n 0
|